| 000 | 00353nam a2200109Ia 4500 | ||
|---|---|---|---|
| 008 | 160609s9999 xx 000 0 und d | ||
| 245 | _aAutodesk 3ds Max 2016 For Beginners: A Tutorial Approach | ||
| 245 | _cBy:Prof. Sham Tickoo Purdue Univ. | ||
| 260 | _c2015 | ||
| 650 | _x3D MODELING | ||
| 856 | _uhttp://file.ebook777.com/Aut3dsMax201ForBegATutApp.rar | ||
| 999 |
_c295710 _d295710 |
||